000
00194nam a2200097 4500
999
_c
530786
_d
530786
040
_c
DLC
082
_a
891.4393
_b
SHA
100
_a
Shafique Rehman
_9
23875
245
_a
Lehrain
942
_2
ddc
_c
BK